El peregrino ilusionado / (Record no. 100121)

MARC details
000 -LEADER
campo de control de longitud fija 00831nam a2200229 i 4500
001 - NÚMERO DE CONTROL
campo de control 100121
003 - IDENTIFICADOR DE NÚMERO DE CONTROL
campo de control ES-MaACL
005 - FECHA Y HORA DE LA ÚLTIMA TRANSACCIÓN
campo de control 20250807122504.0
007 - CAMPO FIJO DE DESCRIPCIÓN FÍSICA--INFORMACIÓN GENERAL
campo de control de longitud fija t|
008 - DATOS DE LONGITUD FIJA--INFORMACIÓN GENERAL
campo de control de longitud fija 050922s1921 sp ||||1| spa d
100 1# - ENTRADA PRINCIPAL--NOMBRE DE PERSONA
Nombre de persona Martínez Sierra, Gregorio,
Fechas asociadas al nombre 1881-1947
9 (RLIN) 78429
245 13 - MENCIÓN DEL TÍTULO
Título El peregrino ilusionado /
Mención de responsabilidad, etc. Gregorio Martínez Sierra ; ilustraciones de Laura Albéniz.
260 ## - PUBLICACIÓN, DISTRIBUCIÓN, ETC.
Lugar de publicación, distribución, etc. Madrid :
Nombre del editor, distribuidor, etc. [s.n.],
Fecha de publicación, distribución, etc. 1921 (
Fabricante Tip. Artística)
300 ## - DESCRIPCIÓN FÍSICA
Extensión 294 p. :
Otras características físicas il. ;
Dimensiones 19 cm.
490 1# - MENCIÓN DE SERIE
Mención de serie Obras completas
594 ## - Nota al título y mención de responsabilidad
Nota al título y mención de responsabilidad Obra en colaboración entre Gregorio Martínez Sierra y María Lejárraga (María Martínez Sierra)
700 1# - ENTRADA AGREGADA--NOMBRE PERSONAL
Nombre de persona Albéniz, Laura,
Fechas asociadas al nombre 1890-1944
9 (RLIN) 174494
700 1# - ENTRADA AGREGADA--NOMBRE PERSONAL
Nombre de persona Martínez Sierra, María,
Fechas asociadas al nombre 1874-1974
9 (RLIN) 78430
830 1# - PUNTO DE ACCESO ADICIONAL DE SERIE-TÍTULO UNIFORME
Título uniforme Obras completas
9 (RLIN) 176447
852 4# - LOCALIZACIÓN
Ubicación ES-MaACL
Número de control de estantería F-11899
Holdings
Estatus retirado Estado de pérdida Estado de daño No para préstamo Biblioteca de origen Biblioteca actual Ubicación en estantería Fecha de adquisición Fuente de adquisición Total de préstamos Signatura topográfica completa Código de barras Visto por última vez Precio de reemplazo Tipo de ítem Koha
        Biblioteca del Ateneo de Madrid Biblioteca del Ateneo de Madrid Sala Pecera Planta 2 17/01/2008     F-11899 1104546 23/02/2023 23/02/2023 Libro impreso